Developmental biology (Record no. 3789)

MARC details
000 -LEADER
fixed length control field 00370nam a22001457a 4500
008 - FIXED-LENGTH DATA ELEMENTS--GENERAL INFORMATION
fixed length control field 250604b |||||||| |||| 00| 0 eng d
020 ## - INTERNATIONAL STANDARD BOOK NUMBER
ISBN 9789352697083
100 ## - MAIN ENTRY--AUTHOR
Author Balwan wahied khawar
245 ## - TITLE STATEMENT
Title Developmental biology
260 ## - PUBLICATION, DISTRIBUTION, ETC. (IMPRINT)
Place of publication New Delhi
Name of publisher Random publication limited
Date of publication 2021
300 ## - COLLATION
Pagination 269p
650 ## - TRACINGS
Main Subject Embryology
942 ## - ADDED ENTRY ELEMENTS (KOHA)
Item type Books
050 ## - LIBRARY OF CONGRESS CALL NUMBER
Classification number QL 955
Item number .B35
Holdings
Source of classification or shelving scheme Not for loan Permanent location Current location Date acquired Accession No. Full call number Barcode. Koha item type
Library of Congress Classification   Samuel Ogbemudia Main Library, University of Abuja Samuel Ogbemudia Main Library, University of Abuja 06/04/2025 2025/65011 QL 955.B35 2025-2381 Books